Statistics for JoJo Stand Users Part 3-6

Click here to take the quiz!

General Stats

  • This quiz has been taken 36 times
  • The average score is 33 of 115

Answer Stats

StandStand User% Correct
Hermit PurpleJoseph Joestar
100%
Star Platinum | Star Platinum, The WorldJotaro Kujo
75%
Magician’s RedMuhammad Avdol
58%
EmperorHol Horse
54%
The FoolIggy
54%
Chariot Requiem | Silver ChariotJean Pierre Polnareff
54%
Crazy DiamondJosuke Higashikata
54%
Hierophant GreenNoriaki Kakyoin
54%
The WorldDIO
50%
Killer Queen | Killer Queen Bites The DustYoshikage Kira
50%
TohthBoingo
46%
OsirisDaniel J. D’arby/D’arby
46%
JusticeEnya
46%
G.E.R | Gold ExperienceGiorno Giovanna
46%
Echoes Act 0-3 | Echoes Act 3Koichi Hirose
46%
Heaven’s DoorRohan Kishibe
46%
Sex PistolsGuido Mista
42%
KhnumOingo
42%
Purple HazePannacotta Fugo
42%
LoversSteely Dan
42%
AtumTelence T. D’arby/D’arby
42%
CreamVanilla Ice
42%
Aqua NecklaceAngelo
38%
King CrimsonDiavolo
38%
Foo FightersFoo Fighters
38%
BastetMariah
38%
Wheel of FortuneZZ
38%
Moody BluesLeone Abbacchio
33%
Black SabbathPolpo
33%
Spice GirlTrish Una
33%
Ebony DevilDevo
29%
KissErmes Costello
29%
Tower of GrayGray Fly
29%
Hanged ManJ. Geil
29%
BabyfaceMelone
29%
Beach BoyPesci
29%
MetallicaRisotto Nero
29%
Weather ReportWes Aquamarine/Weather Report
29%
The SunArabia Fats
25%
AnubisCaravan Serai/Chaka/Khan
25%
Green DayCioccolata
25%
Goo Goo DollsGwess
25%
Stone FreeJolyne Cujoh
25%
Death 13Mannish Boy
25%
The High PriestessMidler
25%
AerosmithNarancia Ghirga
25%
HorusPet Shop
25%
Yellow TemperanceRubber Soul
25%
OasisSecco
25%
Red Hot Chili PepperAkira Otoishi
21%
SethanAllesi
21%
Mr. PresidentCoco Jumbo
21%
C-Moon | Made In Heaven | WhitesnakeEnrico Pucci
21%
StrengthForever
21%
White AlbumGhiaccio
21%
Man in the MirrorIlluso
21%
Tenore SaxKenny G.
21%
Diver DownNarciso Anasui
21%
GebN’Doul
21%
EmpressNena
21%
The Grateful DeadProsciutto
21%
ClashSqualo
21%
Stray CatTama
21%
Bohemian RhapsodyUngalo
21%
EpitaphVinegar Doppio
21%
Sticky FingersBruno Buccellati
17%
JudgementCameo
17%
Tiny FeetFormaggio
17%
Manhattan TransferJohngalli A.
17%
Kraft WorkSale
17%
Rolling StonesScolippi
17%
Achtung BabyShizuka Joestar
17%
Limp BizkitSports Maxx
17%
Green, Green Grass of HomeThe Green Baby
17%
Highway to HellThunder McQueen
17%
Talking HeadTiziano
17%
Atom Heart FatherYoshihiro Kira
17%
Love DeluxeYukako Yamagishi
17%
CinderellaAya Tsuji
13%
RattBug-Eaten
13%
Notorious B.I.GCarne
13%
Under WorldDonatello Versus
13%
Burning Down the HouseEmporio Alnino
13%
SurvivorGuccio
13%
Marilyn MansonMiraschon
13%
Sky HighRikiel
13%
HarvestShigechi Yangu
13%
Pearl JamTonio Trussardi
13%
SurfaceToshikazu Hazamada
13%
Planet WavesViviano Westwood
13%
Highway StarYuya Fungami
13%
Dragon’s DreamKenzou
8%
Soft MachineMario Zucchero
8%
The LockTamami Kobayashi
8%
EnigmaTerunosuke Miyamoto
8%
Dark Blue MoonImposter Captain Tennille
4%
Boy II ManKen Oyanagi
4%
Jumpin’ Jack FlashLang Rangler
4%
Cheap TrickMasazo Kinoto
4%
Super FlyToyohiro Kanedaichi
4%
Yo-Yo MaD an G
0%
Bad CompanyKeicho Nijimuru
0%
Jail House LockMiccuia Miuller
0%
Earth, Wind and FireMikitaka Kazekura
0%
The HandOkuyasu Nijimuru
0%

Score Distribution

Percentile by Number Answered

Percent of People with Each Score

Your Score History

You have not taken this quiz